000 00470 a2200193 4500
005 20250505150409.0
008 250505b |||||||| |||| 00| 0 eng d
020 _a9781032392363
_c£ 36.99
040 _aMAIN
082 _a956.04
_bM278A
100 _aMahler, Gregory S
245 _aArab-Israeli conflict
250 _a3rd
260 _bRoutledge
_c2024
_aNew York
300 _axvi, 589
650 _aHistory
650 _aArab-Israeli Conflict
942 _cBK
999 _c360092
_d360092